ბათუმის შოთა რუსთაველის სახელმწიფო უნივერსიტეტის ბიბლიოთეკა

ყმაწვილკაცობის ფურცლები (ბიბ.ჩანაწერი № 50163)

000 -LEADER
fixed length control field 00943nam a2200229Ia 4500
001 - CONTROL NUMBER
control field 17101
003 - CONTROL NUMBER IDENTIFIER
control field GE_BSU
008 - FIXED-LENGTH DATA ELEMENTS--GENERAL INFORMATION
fixed length control field 181216s||||||||xx |||||||||||||| ||und||
040 ## - CATALOGING SOURCE
Transcribing agency GE_BSU
080 ## - UNIVERSAL DECIMAL CLASSIFICATION NUMBER
Universal Decimal Classification number 821.353.1-1 + 821.353.1-6
100 ## - MAIN ENTRY--PERSONAL NAME
Personal name ასათიანი, ლ. (ლადო, 1917-1943)
245 ## - TITLE STATEMENT
Title ყმაწვილკაცობის ფურცლები
245 ## - TITLE STATEMENT
Remainder of title ლექსები, წერილები
245 ## - TITLE STATEMENT
Statement of responsibility, etc. შეადგინეს, წინათქმა და შენიშვნები დაურთეს ნ. დუმბაძემ და შ. ქურიძემ
260 ## - PUBLICATION, DISTRIBUTION, ETC.
Place of publication, distribution, etc. ბათუმი
260 ## - PUBLICATION, DISTRIBUTION, ETC.
Name of publisher, distributor, etc. საბჭ. აჭარა
260 ## - PUBLICATION, DISTRIBUTION, ETC.
Date of publication, distribution, etc. 1977
300 ## - PHYSICAL DESCRIPTION
Extent 94 გვ. : ილ. ; 17 სმ
653 ## - INDEX TERM--UNCONTROLLED
Uncontrolled term ლექსები, წერილები
653 ## - INDEX TERM--UNCONTROLLED
Uncontrolled term ყმაწვილკაცობის ფურცლები
942 ## - ADDED ENTRY ELEMENTS (KOHA)
Koha item type წიგნი
ეგზემპლარები
Withdrawn status Lost status Damaged status Not for loan Date acquired Barcode Date last seen Price effective from Koha item type
        2018-12-17 21679 2018-12-17 2018-12-17 წიგნი
        2018-12-17 21680 2018-12-17 2018-12-17 წიგნი
        2018-12-17 21681 2018-12-17 2018-12-17 წიგნი
        2018-12-17 21682 2018-12-17 2018-12-17 წიგნი